| 000 | 00766nam a2200217 a 4500 | ||
|---|---|---|---|
| 005 | 20230627063601.0 | ||
| 008 | 991125s2004 par 000 0 fre u | ||
| 020 | _a9280312596 | ||
| 035 | _aUPN01000140658 | ||
| 049 | _aCG | ||
| 050 | 4 |
_aLC67 _bW6.4 2004 |
|
| 100 | 1 |
_aWoodhall, Maureen _929550 |
|
| 245 | 1 | 0 |
_aCost benefit analysis in educational planning / _cMaureen Woodhall. |
| 250 | _a4a ed. | ||
| 260 |
_aParís : _bUNESCO. International Institute for Educational Planning, _c2004. |
||
| 300 |
_a129 p. : _btablas, gráfs. |
||
| 440 | 0 |
_aIIEP, International Institute for educational planinning. _pFundamentals of educational planning ; _v80 |
|
| 650 | 4 |
_aCOSTOS EDUCATIVOS _911419 |
|
| 650 | 4 |
_aEducación _xAspectos económicos _911820 |
|
| 905 | _aLibro | ||
| 999 |
_c112806 _d112806 |
||